000 00817nam a2200277Ia 4500
003 OSt
005 20220928121400.0
006 a|||||r|||| 00| 0
007 ta
008 220927b |||||||| |||| 00| 0 eng d
020 _c1084.2825
024 _a117862
037 _b167, 02/10/2012, N.R.Book Distributors
_cTextual
040 _aSDCL
_cSDCL
_beng
041 _2eng
_aeng
082 _aE9G, Q2
100 _aMurray Robert K
_9451787
245 0 _aHarper's Illustrated Biochemistry.
250 _a29th
260 _aNew Delhi
_bMc Graw Hill
_c2012
300 _axii,818p
_ccm.
650 _aPlant Molecular Biology
700 _a Bender David A
_9451788
942 _hE9G, Q2
_cTEXL
_2CC
999 _c765796
_d765796